| 000 | 01176nam a22003611ib4500 | ||
|---|---|---|---|
| 003 | OSt | ||
| 005 | 20221219084539.0 | ||
| 008 | 200224t20192019mnuao||jr|||| 001 0 eng d | ||
| 020 |
_a9781626178441 _cRM 121.30 _qhardback |
||
| 040 |
_aPPAK _beng _cPPAK _erda |
||
| 082 | 0 | 4 |
_223 _a946 |
| 090 | 0 | 0 |
_a946 _bREC _dRK |
| 090 | 2 | 0 |
_a946 _bREC _dK |
| 100 | 1 |
_aRechner, Amy, _eauthor. |
|
| 245 | 1 | 0 |
_aSPAIN / _cBY AMY RECHNER |
| 264 | 1 |
_aMinneapolis, MN : _bBellwether Media, _c2019. |
|
| 264 | 4 | _c©2019 | |
| 300 |
_a32 pages : _bcolour illustrations, photographs and maps ; _c24 cm. |
||
| 336 |
_atext _2rdacontent |
||
| 336 |
_astill image _2rdacontent |
||
| 336 |
_acartographic image _2rdacontent |
||
| 337 |
_aunmediated _2rdamedia |
||
| 338 |
_avolume _2rdacarrier |
||
| 490 | 1 | _aBlastoff! Discovery: Country Profiles. | |
| 504 | _aIncludes bibliographical references (page 31) and index. | ||
| 520 | _aDiscover Spain. | ||
| 521 | _aAges 7-13. | ||
| 651 |
_a Spain _vJuvenile literature. |
||
| 651 | _aSpain |x Social life and customs |v Juvenile literature | ||
| 655 | _aJuvenile works | ||
| 830 |
_aBlastoff! discovery. _pCountry Profiles. |
||
| 942 |
_2ddc _cB |
||
| 999 |
_c176501 _d176501 |
||